Statistics for Countries of the European Union By Borders In 30 Seconds

Click here to take the quiz!

General Stats

  • This quiz has been taken 13 times
  • The average score is 22 of 24

Answers on the Map

Answers color-coded by a green-red scale on the quiz's map according to % correct below.
Loading ...
 

Answer Stats

Answer% Correct
Austria
100%
Germany
100%
Spain
100%
Slovenia
100%
Poland
100%
Luxembourg
100%
Belgium
100%
Italy
100%
France
100%
Czechia
100%
Finland
89%
Greece
89%
Hungary
89%
Lithuania
89%
Denmark
89%
Netherlands
89%
Portugal
89%
Slovakia
89%
Bulgaria
89%
Sweden
89%
Romania
78%
Croatia
78%
Estonia
67%
Latvia
67%

Score Distribution

Percentile by Number Answered

Percent of People with Each Score

Your Score History

You have not taken this quiz